| 000 | 00430nam a2200157Ia 4500 | ||
|---|---|---|---|
| 008 | 160316s1999 xxu||||| |||| 00| 0 eng d | ||
| 082 |
_a371.102000 _bNCT |
||
| 100 | _a | ||
| 245 | _aThe Indian journal for teacher education | ||
| 250 | _a | ||
| 260 |
_aNew Delhi _bNational Council for Teacher Education _c1999 |
||
| 300 |
_a124 _b _c |
||
| 365 | _b | ||
| 650 | _a1. education of teachers 2. rights of the child | ||
| 700 |
_a _a |
||
| 999 |
_c34769 _d34769 |
||